বাঙালি জাতীয়তাবাদ ও বঙ্গবন্ধু / (Record no. 254493)
[ view plain ]
| 000 -LEADER | |
|---|---|
| fixed length control field | 00813nam a22002057a 4500 |
| 003 - CONTROL NUMBER IDENTIFIER | |
| control field | BD-DhUL |
| 005 - DATE AND TIME OF LATEST TRANSACTION | |
| control field | 20211103104943.0 |
| 008 - FIXED-LENGTH DATA ELEMENTS--GENERAL INFORMATION | |
| fixed length control field | 210920s2021 bg ||||| |||| 00| 0 ben |
| 020 ## - INTERNATIONAL STANDARD BOOK NUMBER | |
| International Standard Book Number | 9789848044452 (hbk) |
| 040 ## - CATALOGING SOURCE | |
| Original cataloging agency | BD-DhUL |
| Transcribing agency | BD-DhUL |
| 082 ## - DEWEY DECIMAL CLASSIFICATION NUMBER | |
| Classification number | 954.92 |
| Item number | BAN |
| 245 10 - TITLE STATEMENT | |
| Title | বাঙালি জাতীয়তাবাদ ও বঙ্গবন্ধু / |
| Statement of responsibility, etc. | সম্পাদনায় সুরমা জাহিদ । |
| 260 ## - PUBLICATION, DISTRIBUTION, ETC. (IMPRINT) | |
| Place of publication, distribution, etc. | ঢাকা : |
| Name of publisher, distributor, etc. | বিশ্বসাহিত্য ভবন, |
| Date of publication, distribution, etc. | ২০২১ । |
| 300 ## - PHYSICAL DESCRIPTION | |
| Extent | ৪০০ পৃ. ; |
| Dimensions | ২২ সেমি. |
| 365 ## - TRADE PRICE | |
| Price type code | BDT |
| Price amount | 650.00 |
| 651 4# - SUBJECT ADDED ENTRY--GEOGRAPHIC NAME | |
| Geographic name | বাংলাদেশ |
| General subdivision | ইতিহাস । |
| 651 4# - SUBJECT ADDED ENTRY--GEOGRAPHIC NAME | |
| Geographic name | Bangladesh |
| General subdivision | History. |
| 700 1# - ADDED ENTRY--PERSONAL NAME | |
| Personal name | জাহিদ, সুরমা |
| Relator term | সম্পা. |
| 942 ## - ADDED ENTRY ELEMENTS (KOHA) | |
| Source of classification or shelving scheme | |
| Koha item type | Books |
| Date last seen | Permanent Location | Not for loan | Date acquired | Source of classification or shelving scheme | Koha item type | Lost status | Withdrawn status | Copy number | Source of acquisition | Collection code | Damaged status | Shelving location | Barcode | Current Location | Full call number |
|---|---|---|---|---|---|---|---|---|---|---|---|---|---|---|---|
| 2021-09-20 | Dhaka University Library | Not For Loan | 2021-06-07 | Books | 1 | Purchased | Non Fiction | Bangabandhu Corner | 512949 | Dhaka University Library | 954.92 BAN | ||||
| 2021-09-20 | Dhaka University Library | Not For Loan | 2021-06-07 | Books | 2 | Purchased | Non Fiction | Bangabandhu Corner | 512950 | Dhaka University Library | 954.92 BAN |
